DATA STRUCTURES AND ALGORITHMS WITH C (Record no. 216687)

MARC details
000 -LEADER
fixed length control field 00507nam a22001817a 4500
008 - FIXED-LENGTH DATA ELEMENTS--GENERAL INFORMATION
fixed length control field 260226b |||||||| |||| 00| 0 eng d
020 ## - INTERNATIONAL STANDARD BOOK NUMBER
International Standard Book Number 978-8-1848-7621-5
050 ## - LIBRARY OF CONGRESS CALL NUMBER
Classification number QA 76.73 .C15 P35 2018
100 ## - MAIN ENTRY--PERSONAL NAME
Personal name PAL,DEBDUTTA
245 ## - TITLE STATEMENT
Title DATA STRUCTURES AND ALGORITHMS WITH C
260 ## - PUBLICATION, DISTRIBUTION, ETC.
Place of publication, distribution, etc. OXFORD
Name of publisher, distributor, etc. ALPHA SCIENCE INTERNATIONAL
Date of publication, distribution, etc. 2018
300 ## - PHYSICAL DESCRIPTION
Extent XVI,12.11P
500 ## - GENERAL NOTE
General note APPENDIX INDEX
650 ## - SUBJECT ADDED ENTRY
Topical term or geographic name entry element COMPUTER PROGRAM LANGUAGE
700 ## - ADDED ENTRY--PERSONAL NAME
Personal name HELDER,SUMAN
942 ## - ADDED ENTRY ELEMENTS (KOHA)
Source of classification or shelving scheme Library of Congress Classification
Koha item type Long Loan Book
Holdings
Withdrawn status Lost status Source of classification or shelving scheme Damaged status Not for loan Collection Home library Current library Shelving location Date acquired Inventory number Total checkouts Full call number Barcode Date last seen Copy number Price effective from Koha item type
    Library of Congress Classification     Science & Technology Kisii University Library Kisii University Library On Display 02/26/2026 111748   QA 76.73 .C15 P35 2018 A000906 02/26/2026 1 02/26/2026 Long Loan Book
    Library of Congress Classification     Science & Technology Kisii University Library Kisii University Library On Display 02/26/2026 111749   QA 76.73 .C15 P35 2018 A000901 02/26/2026 2 02/26/2026 Long Loan Book
    Library of Congress Classification     Science & Technology Kisii University Library Kisii University Library On Display 02/26/2026 111750   QA 76.73 .C15 P35 2018 A000899 02/26/2026 3 02/26/2026 Long Loan Book
    Library of Congress Classification     Science & Technology Kisii University Library Kisii University Library On Display 02/26/2026 111751   QA 76.73 .C15 P35 2018 A000897 02/26/2026 4 02/26/2026 Long Loan Book
    Library of Congress Classification     Science & Technology Kisii University Library Kisii University Library On Display 02/26/2026 111752   QA 76.73 .C15 P35 2018 A000904 02/26/2026 5 02/26/2026 Long Loan Book